000 00301nam a22001337a 4500
008 170809b xxu||||| |||| 00| 0 eng d
020 _a0387973893
041 _aeng
080 _a004
100 _a35
101 _aSHK
245 _aC A SOFTWARE ENGINEERING APPROACH
_cDARNELL.P.A
942 _2udc
_cBK
999 _c23049
_d23049